<?xml version="1.0" encoding="UTF-8"?>
<record
    xmlns:xsi="http://www.w3.org/2001/XMLSchema-instance"
    xsi:schemaLocation="http://www.loc.gov/MARC21/slim http://www.loc.gov/standards/marcxml/schema/MARC21slim.xsd"
    xmlns="http://www.loc.gov/MARC21/slim">

  <leader>01193nam a22002537a 4500</leader>
  <controlfield tag="005">20100331163522.0</controlfield>
  <controlfield tag="008">100331t        xxu||||| |||| 00| 0 hin d</controlfield>
  <datafield tag="010" ind1=" " ind2=" ">
    <subfield code="a">HIN-89202</subfield>
  </datafield>
  <datafield tag="020" ind1=" " ind2=" ">
    <subfield code="a">8188632708</subfield>
    <subfield code="c">300.00</subfield>
  </datafield>
  <datafield tag="035" ind1=" " ind2=" ">
    <subfield code="a">HN-61548</subfield>
  </datafield>
  <datafield tag="037" ind1=" " ind2=" ">
    <subfield code="b">DBAD / PUB</subfield>
  </datafield>
  <datafield tag="040" ind1=" " ind2=" ">
    <subfield code="a">DPL</subfield>
    <subfield code="b">HN</subfield>
  </datafield>
  <datafield tag="082" ind1=" " ind2=" ">
    <subfield code="a">934</subfield>
  </datafield>
  <datafield tag="100" ind1=" " ind2=" ">
    <subfield code="a">&#x928;&#x928;&#x94D;&#x926;&#x928; &#x915;&#x941;&#x92E;&#x93E;&#x930;</subfield>
    <subfield code="9">16094</subfield>
  </datafield>
  <datafield tag="245" ind1=" " ind2=" ">
    <subfield code="a">&#x92A;&#x94D;&#x930;&#x93E;&#x91A;&#x940;&#x928; &#x92D;&#x93E;&#x930;&#x924; &#x915;&#x93E; &#x938;&#x93E;&#x92E;&#x93E;&#x91C;&#x93F;&#x915; &#x907;&#x924;&#x93F;&#x939;&#x93E;&#x938; /</subfield>
    <subfield code="c">&#x928;&#x928;&#x94D;&#x926;&#x928; &#x915;&#x941;&#x92E;&#x93E;&#x930;</subfield>
  </datafield>
  <datafield tag="246" ind1=" " ind2=" ">
    <subfield code="a">pracjin Bharat ka Samajik Itihas/</subfield>
    <subfield code="b">by Nandan Kumar</subfield>
  </datafield>
  <datafield tag="260" ind1=" " ind2=" ">
    <subfield code="a">&#x926;&#x93F;&#x932;&#x94D;&#x932;&#x940;</subfield>
    <subfield code="b">&#x92A;&#x941;&#x937;&#x94D;&#x92A;&#x93E;&#x902;&#x91C;&#x932;&#x93F; &#x92A;&#x94D;&#x930;&#x915;&#x93E;&#x936;&#x928;</subfield>
    <subfield code="c">2009</subfield>
  </datafield>
  <datafield tag="270" ind1=" " ind2=" ">
    <subfield code="a">&#x90F;&#x932;-46, &#x917;&#x932;&#x940; &#x928;&#x902;-5, &#x936;&#x93F;&#x935;&#x93E;&#x91C;&#x940; &#x92E;&#x93E;&#x930;&#x94D;&#x917;, &#x915;&#x930;&#x924;&#x93E;&#x930; &#x928;&#x917;&#x930;</subfield>
    <subfield code="b">&#x926;&#x93F;&#x932;&#x94D;&#x932;&#x940;</subfield>
    <subfield code="e">110053</subfield>
  </datafield>
  <datafield tag="300" ind1=" " ind2=" ">
    <subfield code="a">216&#x92A;&#x943;</subfield>
    <subfield code="c">22&#x938;&#x947;&#x92E;&#x940; (&#x938;&#x91C;&#x93F;&#x932;&#x94D;&#x926;)</subfield>
  </datafield>
  <datafield tag="650" ind1=" " ind2=" ">
    <subfield code="a">&#x938;&#x92D;&#x94D;&#x92F;&#x924;&#x93E;</subfield>
    <subfield code="x">&#x938;&#x93E;&#x92E;&#x93E;&#x91C;&#x93F;&#x915; &#x907;&#x924;&#x93F;&#x939;&#x93E;&#x938;</subfield>
    <subfield code="z">&#x92D;&#x93E;&#x930;&#x924;</subfield>
    <subfield code="9">16095</subfield>
  </datafield>
  <datafield tag="650" ind1=" " ind2=" ">
    <subfield code="a">civiligation</subfield>
    <subfield code="x">social history </subfield>
    <subfield code="z">india</subfield>
    <subfield code="9">16096</subfield>
  </datafield>
  <datafield tag="942" ind1=" " ind2=" ">
    <subfield code="2">ddc</subfield>
    <subfield code="c">HN</subfield>
    <subfield code="m">&#x928;&#x928;&#x94D;&#x926;&#x928;</subfield>
  </datafield>
  <datafield tag="999" ind1=" " ind2=" ">
    <subfield code="c">34979</subfield>
    <subfield code="d">34979</subfield>
  </datafield>
  <datafield tag="952" ind1=" " ind2=" ">
    <subfield code="0">0</subfield>
    <subfield code="1">0</subfield>
    <subfield code="2">ddc</subfield>
    <subfield code="4">0</subfield>
    <subfield code="7">1</subfield>
    <subfield code="8">NFIC</subfield>
    <subfield code="a">DBAD</subfield>
    <subfield code="b">DBAD</subfield>
    <subfield code="d">2010-03-31</subfield>
    <subfield code="e">DBAD / PUB</subfield>
    <subfield code="g">300.00</subfield>
    <subfield code="l">0</subfield>
    <subfield code="o">&#x928;&#x928;&#x94D;&#x926;&#x928;</subfield>
    <subfield code="p">HN-61548</subfield>
    <subfield code="r">2010-03-31 00:00:00</subfield>
    <subfield code="t">1</subfield>
    <subfield code="v">300.00</subfield>
    <subfield code="w">2010-03-31</subfield>
    <subfield code="y">HN</subfield>
  </datafield>
</record>
